Capitals of the World in Alphabetical Order - Statistics

General Stats
  • This quiz has been taken 82 times
  • The average score is 85 of 200
Answer Stats
Answer % Correct
Abuja
100%
Accra
100%
Abu Dhabi
75%
Addis Ababa
75%
Algiers
50%
Amman
50%
Amsterdam
50%
Andorra la Vella
50%
Ankara
50%
Antananarivo
50%
Apia
50%
Asmara
50%
Asuncion
50%
Athens
50%
Baghdad
50%
Baku
50%
Bamako
50%
Bangui
50%
Banjul
50%
Basseterre
50%
Beijing
50%
Beirut
50%
Belgrade
50%
Belmopan
50%
Berlin
50%
Bissau
50%
Bloemfontein
50%
Bogota
50%
Brasilia
50%
Bratislava
50%
Bridgetown
50%
Brussels
50%
Bucharest
50%
Budapest
50%
Buenos Aires
50%
Bujumbura
50%
Cairo
50%
Canberra
50%
Cape Town
50%
Castries
50%
Chisinau
50%
Dakar
50%
Damascus
50%
Dili
50%
Djibouti
50%
Dodoma
50%
Doha
50%
Dublin
50%
Dushanbe
50%
Freetown
50%
Funafuti
50%
Gaborone
50%
Georgetown
50%
Guatemala City
50%
Hanoi
50%
Harare
50%
Havana
50%
Helsinki
50%
Honiara
50%
Islamabad
50%
Jakarta
50%
Jerusalem
50%
Juba
50%
Kampala
50%
Khartoum
50%
Kiev
50%
Kigali
50%
Kingston
50%
Kingstown
50%
Kinshasa
50%
Kuwait City
50%
La Paz
50%
Libreville
50%
Lilongwe
50%
Lima
50%
Lisbon
50%
Ljubljana
50%
Lome
50%
Luanda
50%
Lusaka
50%
Luxembourg
50%
Madrid
50%
Majuro
50%
Malabo
50%
Managua
50%
Manama
50%
Manila
50%
Maseru
50%
Mbabane
50%
Mexico City
50%
Minsk
50%
Monaco
50%
Monrovia
50%
Montevideo
50%
Moroni
50%
Moscow
50%
Muscat
50%
Nairobi
50%
Nassau
50%
Naypyidaw
50%
N'Djamena
50%
Niamey
50%
Nicosia
50%
Nouakchott
50%
Nuku'alofa
50%
Oslo
50%
Ottawa
50%
Ouagadougou
50%
Palikir
50%
Panama City
50%
Paramaribo
50%
Paris
50%
Port au Prince
50%
Port Louis
50%
Port Moresby
50%
Port of Spain
50%
Porto Novo
50%
Port Vila
50%
Prague
50%
Praia
50%
Pretoria
50%
Pyongyang
50%
Quito
50%
Rabat
50%
Reykjavik
50%
Riga
50%
Riyadh
50%
Rome
50%
Roseau
50%
Saint George's
50%
Saint John's
50%
San José
50%
San Marino
50%
San Salvador
50%
Santiago
50%
São Tomé
50%
Sarajevo
50%
Seoul
50%
Skopje
50%
Sofia
50%
South Tarawa
50%
Stockholm
50%
Ashgabat
25%
Astana
25%
Bandar Seri Begawan
25%
Bangkok
25%
Bern
25%
Bishkek
25%
Brazzaville
25%
Caracas
25%
Conakry
25%
Copenhagen
25%
Cotonou
25%
Dhaka
25%
Kabul
25%
Kathmandu
25%
Kuala Lumpur
25%
London
25%
Malé
25%
Maputo
25%
Mogadishu
25%
New Delhi
25%
Ngerulmud
25%
Phnom Penh
25%
Podgorica
25%
Pristina
25%
Sana'a
25%
Santo Domingo
25%
Singapore
25%
Sri Jayawardenepura Kotte
25%
Taipei
25%
Tallinn
25%
Tbilisi
25%
Tegucigalpa
25%
Tirana
25%
Tokyo
25%
Tripoli
25%
Tunis
25%
Valletta
25%
Vatican City
25%
Victoria
25%
Vienna
25%
Vientiane
25%
Vilnius
25%
Warsaw
25%
Washington D.C.
25%
Wellington
25%
Windhoek
25%
Yamoussoukro
25%
Yaoundé
25%
Yaren
25%
Yerevan
25%
Zagreb
25%
Sucre
0%
Suva
0%
Tashkent
0%
Tehran
0%
Thimphu
0%
Ulaanbaatar
0%
Vaduz
0%
No matching quizzes found
Score Distribution
Percent of People with Each Score
Percentile by Number Answered
Your Score History
You have not taken this quiz